Kluby w Lidze Mistrzów 2024/25 - Statystyki

Ogólne statystyki
  • Ten quiz został rozwiązany 1 944 razy
  • Średni wynik to 24 z 36
Statystyki odpowiedzi
Kraj Drużyna % Poprawnych
Hiszpania Real Madryt
99%
Hiszpania FC Barcelona
98%
Anglia Manchester City
97%
Niemcy Bayer Leverkusen
94%
Francja Paris Saint-Germain
92%
Włochy Inter Mediolan
91%
Anglia Liverpool
91%
Anglia Arsenal
89%
Niemcy Bayern Monachium
89%
Niemcy Borussia Dortmund
89%
Hiszpania Atlético Madryt
88%
Włochy Juventus
84%
Włochy Milan
81%
Anglia Aston Villa
79%
Portugalia Sporting CP
75%
Portugalia Benfica
73%
Holandia PSV Eindhoven
70%
Hiszpania Girona FC
68%
Szkocja Celtic
63%
Francja AS Monaco
61%
Niemcy RB Lipsk
58%
Włochy Atalanta
57%
Chorwacja Dinamo Zagrzeb
54%
Czechy Sparta Praga
54%
Szwajcaria BSC Young Boys
52%
Belgia Club Brugge
51%
Holandia Feyenoord
50%
Austria Red Bull Salzburg
49%
Francja Brest
46%
Serbia FK Crvena zvezda
46%
Ukraina Szachtar Donieck
46%
Włochy Bologna
45%
Francja Lille OSC
45%
Niemcy VfB Stuttgart
45%
Słowacja Slovan Bratysława
43%
Austria Sturm Graz
30%
Nie znaleziono quizów pasujących do podanych kryteriów
Rozkład punktacji
Procent ludzi z każdym wynikiem
Percentyl według liczby udzielonych odpowiedzi
Twoja historia wyników
Nie rozwiązałeś tego quizu